Loading...
| Beliefs | 10 | 18.00 | 90% | 60% | 30% |
| Fine Arts - Classical Music and Opera | 9 | 21.11 | 67% | 56% | 89% |
| Fine Arts - Other | 10 | 16.00 | 50% | 70% | 40% |
| Fine Arts - Visual | 5 | 22.00 | 80% | 80% | 60% |
| Geography | 5 | 20.00 | 60% | 80% | 60% |
| History - European | 7 | 15.71 | 71% | 29% | 57% |
| History - Other | 11 | 20.00 | 73% | 64% | 64% |
| History - US | 8 | 20.00 | 75% | 50% | 75% |
| History - World | 9 | 17.78 | 33% | 78% | 67% |
| Literature - American | 5 | 20.00 | 80% | 80% | 40% |
| Literature - British | 11 | 13.64 | 27% | 55% | 55% |
| Literature - European | 5 | 20.00 | 60% | 100% | 40% |
| Literature - World | 9 | 14.44 | 44% | 44% | 56% |
| Modern World | 3 | 10.00 | 0% | 0% | 100% |
| Other Academic | 5 | 10.00 | 60% | 20% | 20% |
| Philosophy | 10 | 19.00 | 40% | 80% | 70% |
| Science - Astronomy | 1 | 10.00 | 100% | 0% | 0% |
| Science - Biology | 9 | 15.56 | 44% | 78% | 33% |
| Science - Chemistry | 7 | 17.14 | 29% | 86% | 57% |
| Science - Earth | 2 | 15.00 | 100% | 0% | 50% |
| Science - Other | 9 | 20.00 | 89% | 67% | 44% |
| Science - Physics | 8 | 16.25 | 63% | 38% | 63% |
| Social Science | 8 | 20.00 | 50% | 75% | 75% |